International Economics / Theory and Policy (Record no. 2127)
[ view plain ]
| 000 -LEADER | |
|---|---|
| fixed length control field | 01374cam a22002174a 4500 |
| 005 - ΗΜΕΡΟΜΗΝΙΑ ΚΑΙ ΩΡΑ ΤΕΛΕΥΤΑΙΑΣ ΕΝΗΜΕΡΩΣΗΣ | |
| Πεδίο ελέγχου | 20250605164031.0 |
| 008 - FIXED-LENGTH DATA ELEMENTS--GENERAL INFORMATION | |
| Πεδίο ελέγχου σταθερού μήκους | 250528s ||||||||||||||||||||||||d |
| 035 ## - SYSTEM CONTROL NUMBER | |
| System control number | 16651 |
| 020 ## - ISBN | |
| ISBN | 32131154 |
| 040 ## - ΠΗΓΗ ΚΑΤΑΛΟΓΟΓΡΑΦΗΣΗΣ | |
| Φορέας πρωτότυπης καταλογογράφησης | MC Athens Campus Library |
| Γλώσσα καταλογογράφησης | Ελληνικά, Μοντέρνα (1453-) |
| Modifying agency | MC Athens Campus Library |
| Κανόνες περιγραφικής καταλογογράφησης | AACR2 |
| 245 1# - ΤΙΤΛΟΣ ΚΑΙ ΔΗΛΩΣΗ ΥΠΕΥΘΥΝΟΤΗΤΑΣ | |
| Τίτλος | International Economics / Theory and Policy |
| 250 ## - EDITION STATEMENT | |
| Edition statement | 7th |
| 260 ## - PUBLICATION, DISTRIBUTION, ETC. | |
| Name of publisher, distributor, etc. | Pearson International Edition, |
| Date of publication, distribution, etc. | 2006 |
| 300 ## - PHYSICAL DESCRIPTION | |
| Extent | 688 |
| 520 ## - SUMMARY, ETC. | |
| Summary, etc. | Introduction, International Trade Theory, World Trade: An Overview, The Standard Trade Model, International Factor Movements, International Trade Policy, The Instruments of Trade Policy, The Political Economy of Trade Policy, Trade Policy in Developing Countries, Controversies in Trade Policy, Exchange Rates and Open-Economy, Natioan lncome Accounting and the Balance of Payments, Money and Interest Rates and Exchange Rates, Price Levels and thje Exchange Rate in the Long Run, Output and the Exchange Rate in the Short Run, International Macroeconomic Policy, Macroeconomic Policy and Coordination Under Floating Exchange Rates, Optimum Currency Areas and the European Experience, The Global Capital Market: Performance and Policy Problems, Developing Countries: Growth and Crisis and Reform, Mathematical Postscripts, Credits, Index. |
| 700 1# - ΠΡΟΣΘΕΤΗ ΑΝΑΓΡΑΦΗ--ΦΥΣΙΚΟ ΠΡΟΣΩΠΟ | |
| Personal name | Krugman Paul |
| 9 (RLIN) | 2735 |
| 700 1# - ΠΡΟΣΘΕΤΗ ΑΝΑΓΡΑΦΗ--ΦΥΣΙΚΟ ΠΡΟΣΩΠΟ | |
| Personal name | Obstfeld Maurice |
| 9 (RLIN) | 2736 |
| 942 ## - ADDED ENTRY ELEMENTS (KOHA) | |
| Koha item type | Books |
| Τύπος τεκμηρίου | Βιβλιοθήκη | Τρέχουσα τοποθεσία | Barcode | Αριθμός εισαγωγής | Ημερομηνία απόκτησης | Ταξιθετικό σύμβολο | Αριθμός αντιτύπου | Κατάσταση απόσυρσης | Κατάσταση χαμένου | Κατάσταση κατεστραμμένου | Μη δανεισμός | Σύνολο δανεισμών | Ημερομηνία τελευταίας εμφάνισης | Η τιμή ισχύει από |
|---|---|---|---|---|---|---|---|---|---|---|---|---|---|---|
| Books | MC Athens Campus Library | MC Athens Campus Library | 9780000021267 | 4840 | 05/06/2025 | 337 KRU | 1 | 05/06/2025 | 05/06/2025 |